Clinical evidence : (Record no. 4877)

MARC details
000 -LEADER
fixed length control field 00527nam a22001817a 4500
003 - CONTROL NUMBER IDENTIFIER
control field OSt
005 - DATE AND TIME OF LATEST TRANSACTION
control field 20160726191808.0
008 - FIXED-LENGTH DATA ELEMENTS--GENERAL INFORMATION
fixed length control field 160726b xxu||||| |||| 00| 0 eng d
020 ## - INTERNATIONAL STANDARD BOOK NUMBER
International Standard Book Number 0727913867
040 ## - CATALOGING SOURCE
Transcribing agency 040a
082 ## - DEWEY DECIMAL CLASSIFICATION NUMBER
Classification number WB 141
Item number C615 1999
245 ## - TITLE STATEMENT
Title Clinical evidence :
Remainder of title a compendium of the best available evidence for effective health care /
260 ## - PUBLICATION, DISTRIBUTION, ETC. (IMPRINT)
Place of publication, distribution, etc. London
Name of publisher, distributor, etc. BMJ publishing group
Date of publication, distribution, etc. 1999
300 ## - PHYSICAL DESCRIPTION
Extent xx, 843p;
Dimensions 14 cm.
504 ## - BIBLIOGRAPHY, ETC. NOTE
Bibliography, etc Includes index
650 ## - SUBJECT ADDED ENTRY--TOPICAL TERM
Topical term or geographic name as entry element Clinical evidence
9 (RLIN) 10482
942 ## - ADDED ENTRY ELEMENTS (KOHA)
Source of classification or shelving scheme Other/Generic Classification Scheme
Koha item type Open Shelf
Holdings
Withdrawn status Lost status Source of classification or shelving scheme Damaged status Not for loan Home library Current library Date acquired Source of acquisition Inventory number Total Checkouts Full call number Barcode Date last seen Price effective from Koha item type
    Other/Generic Classification Scheme     MUST Main Library MUST Main Library 26/07/2016   2001/17001   WB 141 C615 1999 2016-3457 26/07/2016 26/07/2016 Open Shelf
    Other/Generic Classification Scheme     MUST Main Library MUST Main Library 04/08/2016   2002/16998   WB 141 C615 1999 2016-3528 04/08/2016 04/08/2016 Open Shelf
    Other/Generic Classification Scheme     MUST Main Library MUST Main Library 13/02/2017   2005/24272   WB 141 C615 1999 2017-0185 13/02/2017 13/02/2017 Open Shelf